Plan marketing
Directed primarily toward undergraduate Marketing college/university majors, this text also provides practical content to current and aspiring industry professionals.
Saved in:
| Main Author: | |
|---|---|
| Format: | Book |
| Language: | Undetermined |
| Published: |
Paris
Librairie Vuibert
1991
|
| Subjects: | |
| Tags: |
Add Tag
No Tags, Be the first to tag this record!
|
| Institutions: | Trung tâm Học liệu Trường Đại học Cần Thơ |
|---|
| LEADER | 00669nam a2200193Ia 4500 | ||
|---|---|---|---|
| 001 | CTU_186399 | ||
| 008 | 210402s9999 xx 000 0 und d | ||
| 082 | |a 658.8 | ||
| 082 | |b Z41 | ||
| 100 | |a Zeyl, Annie | ||
| 245 | 0 | |a Plan marketing | |
| 245 | 0 | |c Annie Zeyl, Alfred Zeyl | |
| 260 | |a Paris | ||
| 260 | |b Librairie Vuibert | ||
| 260 | |c 1991 | ||
| 520 | |a Directed primarily toward undergraduate Marketing college/university majors, this text also provides practical content to current and aspiring industry professionals. | ||
| 650 | |a Plan marketing,Kế hoạch tiếp thị | ||
| 904 | |i Qhieu | ||
| 980 | |a Trung tâm Học liệu Trường Đại học Cần Thơ | ||